| 000 | 00902nam a22002415a 4500 | ||
|---|---|---|---|
| 003 | OSt | ||
| 005 | 20170409145958.0 | ||
| 008 | 170226s2002 ua frb 000 0 ara d | ||
| 015 | _a2002 / 9608 | ||
| 020 | _a977043793X | ||
| 040 |
_aEG-ScBUE _bara _cEG-ScBUE |
||
| 082 | 0 | 4 |
_a347.014028 _bش ب ل _222 |
| 100 | 1 | _aشبل، طارق عبد الجواد. | |
| 245 | 1 | 0 |
_aولاية المرأة القضاء : _bدراسة مقارنة بين النظم الإسلامية والنظم الوضعية / _cطارق عبد الجواد شبل. |
| 260 |
_a[القاهرة : _bد. ن.، _c2002] |
||
| 300 |
_a562 ص. ؛ _c24 سم. |
||
| 504 | _aيشتمل على إرجاعات ببليوجرافية. | ||
| 650 | 7 |
_aالمرأة كقاضية. _2BUEsh |
|
| 650 | 7 |
_aالمرأة كقاضية (فقه إسلامي) _2BUEsh |
|
| 651 | _2BUEsh | ||
| 653 |
_bLLAAWW _cFebruary2017 _cApril2017 |
||
| 942 | _2ddc | ||
| 999 |
_c24288 _d24260 |
||